MyGZULibrary

Gender and development in the Middle East and North Africa : (Record no. 3465)

MARC details
000 -LEADER
fixed length control field 01322cam a22003374a 4500
001 - CONTROL NUMBER
control field 13451294
003 - CONTROL NUMBER IDENTIFIER
control field GZU
005 - DATE AND TIME OF LATEST TRANSACTION
control field 20201130155325.0
008 - FIXED-LENGTH DATA ELEMENTS--GENERAL INFORMATION
fixed length control field 040107s2004 dcua b i001 0 eng
010 ## - LIBRARY OF CONGRESS CONTROL NUMBER
LC control number 2004040704
020 ## - INTERNATIONAL STANDARD BOOK NUMBER
International Standard Book Number 0821356763
040 ## - CATALOGING SOURCE
Original cataloging agency DLC
Transcribing agency DLC
Modifying agency DLC
042 ## - AUTHENTICATION CODE
Authentication code pcc
043 ## - GEOGRAPHIC AREA CODE
Geographic area code aw-----
-- ff-----
050 00 - LIBRARY OF CONGRESS CALL NUMBER
Classification number HQ1101
Item number GEN 2004
245 00 - TITLE STATEMENT
Title Gender and development in the Middle East and North Africa :
Remainder of title women in the public sphere.
260 ## - PUBLICATION, DISTRIBUTION, ETC.
Place of publication, distribution, etc. Washington, DC :
Name of publisher, distributor, etc. World Bank,
Date of publication, distribution, etc. c2004.
300 ## - PHYSICAL DESCRIPTION
Extent xx, 198 p. :
Other physical details ill. ;
Dimensions 26 cm. +
Accompanying material 1 CD-ROM (4 3/4 in.)
440 #0 - SERIES STATEMENT/ADDED ENTRY--TITLE
Title MENA development report
504 ## - BIBLIOGRAPHY, ETC. NOTE
Bibliography, etc. note Includes bibliographical references (p. 165-191) and index.
650 #0 - SUBJECT ADDED ENTRY--TOPICAL TERM
Topical term or geographic name entry element Women in development
Geographic subdivision Middle East.
650 #0 - SUBJECT ADDED ENTRY--TOPICAL TERM
Topical term or geographic name entry element Women in development
Geographic subdivision Africa, North.
650 #0 - SUBJECT ADDED ENTRY--TOPICAL TERM
Topical term or geographic name entry element Sex role
Geographic subdivision Middle East.
650 #0 - SUBJECT ADDED ENTRY--TOPICAL TERM
Topical term or geographic name entry element Sex role
Geographic subdivision Africa, North.
650 #0 - SUBJECT ADDED ENTRY--TOPICAL TERM
Topical term or geographic name entry element Sex discrimination against women
Geographic subdivision Middle East.
650 #0 - SUBJECT ADDED ENTRY--TOPICAL TERM
Topical term or geographic name entry element Sex discrimination against women
Geographic subdivision Africa, North.
710 2# - ADDED ENTRY--CORPORATE NAME
Corporate name or jurisdiction name as entry element World Bank.
906 ## - LOCAL DATA ELEMENT F, LDF (RLIN)
a 7
b cbc
c orignew
d 1
e ocip
f 20
g y-gencatlg
942 ## - ADDED ENTRY ELEMENTS (KOHA)
Source of classification or shelving scheme Library of Congress Classification
Koha item type Books
Classification part 1101
Item part GEN
Call number prefix HQ
Holdings
Withdrawn status Lost status Damaged status Not for loan Collection code Home library Current library Shelving location Date acquired Total Checkouts Full call number Barcode Date last seen Date last checked out Copy number Price effective from Koha item type
        Non-fiction City Campus Library City Campus Library General Stacks 11/30/2020 1 HQ 1101 GEN 2004 8711 10/13/2022 10/10/2022 c.1 11/30/2020 Books
        Non-fiction City Campus Library City Campus Library General Stacks 12/04/2020   HQ 1101 GEN 2004 2750 12/04/2020   c.2 12/04/2020 Books